Albert Einstein-chief engineer of the universe (Record no. 16041)

MARC details
000 -LEADER
fixed length control field 00627nam a2200181Ia 4500
003 - CONTROL NUMBER IDENTIFIER
control field IN-BaIIA
008 - FIXED-LENGTH DATA ELEMENTS--GENERAL INFORMATION
fixed length control field 211028s9999 xx 000 0 eng d
020 ## - INTERNATIONAL STANDARD BOOK NUMBER
International Standard Book Number 3-527-40574-7
040 ## - CATALOGING SOURCE
Transcribing agency IIA Library
080 ## - UNIVERSAL DECIMAL CLASSIFICATION NUMBER
Universal Decimal Classification number 530.1(092)
Item number ALB
245 #0 - TITLE STATEMENT
Title Albert Einstein-chief engineer of the universe
Remainder of title one hundred authors for Einstein
Statement of responsibility, etc. edited by Jurgen Renn
260 ## - PUBLICATION, DISTRIBUTION, ETC.
Place of publication, distribution, etc. Weinheim
Name of publisher, distributor, etc. Wiley-VCH Verlag Gmbh
Date of publication, distribution, etc. 2005
300 ## - PHYSICAL DESCRIPTION
Extent 472p.
650 ## - SUBJECT ADDED ENTRY--TOPICAL TERM
Topical term or geographic name entry element Physicists - Germany - biography
9 (RLIN) 29658
650 ## - SUBJECT ADDED ENTRY--TOPICAL TERM
Topical term or geographic name entry element Relativity (Physics) - history
9 (RLIN) 29659
700 ## - ADDED ENTRY--PERSONAL NAME
Personal name Renn, Jurgen.,ed.
9 (RLIN) 18196
942 ## - ADDED ENTRY ELEMENTS (KOHA)
Koha item type Books
Holdings
Withdrawn status Lost status Damaged status Not for loan Home library Current library Shelving location Date acquired Source of acquisition Cost, normal purchase price Total Checkouts Full call number Barcode Date last seen Cost, replacement price Price effective from Koha item type Purchase Price
        IIA Library-Bangalore IIA Library-Bangalore General Stacks 21/12/2005 EDS 1618.75   530.1(092)/ ALB 16963 05/11/2021 1618.75 21/12/2005 Books Rs. 1618.75

Powered by Koha